LEADER 01036nam 2200373 450 001 9910480862003321 005 20200115095530.0 010 $a1-62623-824-3 035 $a(CKB)4940000000149972 035 $a(MiAaPQ)EBC5989304 035 $a(EXLCZ)994940000000149972 100 $a20200115d2020 uy 0 101 0 $aeng 135 $aurcnu|||||||| 181 $ctxt$2rdacontent 182 $cc$2rdamedia 183 $acr$2rdacarrier 200 10$aEyelid reconstruction /$fSuzanne K. Freitag [and three others] 210 1$aNew York, New York :$cThieme,$d[2020] 210 4$dİ2020 215 $a1 online resource (132 pages) $cillustrations 311 $a1-62623-823-5 606 $aEyelids$xSurgery 608 $aElectronic books. 615 0$aEyelids$xSurgery. 676 $a617.771059 700 $aFreitag$b Suzanne K.$0983593 801 0$bMiAaPQ 801 1$bMiAaPQ 801 2$bMiAaPQ 906 $aBOOK 912 $a9910480862003321 996 $aEyelid reconstruction$92245454 997 $aUNINA LEADER 02230oas 2200997 a 450 001 9910134076103321 005 20251106213014.0 011 $a1474-1768 035 $a(DE-599)ZDB2060549 3 035 $a(DE-599)2060549-3 035 $a(OCoLC)48460961 035 $a(CONSER) 2002242057 035 $a(CKB)111022849554074 035 $a(EXLCZ)99111022849554074 100 $a20010615a20019999 sy 101 0 $aeng 135 $aurcn||||||||| 181 $ctxt$2rdacontent 182 $cc$2rdamedia 183 $acr$2rdacarrier 200 10$aNature reviews$iCancer 210 $aEngland $cNature Pub. Group$dİ2001- 300 $aRefereed/Peer-reviewed 300 $aTitle from contents screen (viewed Apr. 23, 2002). 311 08$a1474-175X 517 3 $aCancer 606 $aCancer$vPeriodicals 606 $aCancer$xResearch$vPeriodicals 606 $aNeoplasms 606 $aOncology$2ebps 606 $aCancer$2fast$3(OCoLC)fst00845317 606 $aCancer$xResearch$2fast$3(OCoLC)fst00845497 608 $aPeriodicals.$2fast 615 0$aCancer 615 0$aCancer$xResearch 615 2$aNeoplasms. 615 7$aOncology. 615 7$aCancer. 615 7$aCancer$xResearch. 801 0$bCUY 801 1$bCUY 801 2$bOCLCQ 801 2$bCIN 801 2$bMYG 801 2$bCOU 801 2$bWAU 801 2$bOCLCQ 801 2$bDEBBG 801 2$bUKMGB 801 2$bOCLCQ 801 2$bOCLCF 801 2$bOCLCO 801 2$bEUW 801 2$bOCLCO 801 2$bOCLCQ 801 2$bMTG 801 2$bVGM 801 2$bWT2 801 2$bOCLCQ 801 2$bOCLCO 801 2$bOCLCA 801 2$bBUF 801 2$bOCLCO 801 2$bU3W 801 2$bOCLCO 801 2$bMOW 801 2$bNTG 801 2$bOCLCQ 801 2$bOCLCO 801 2$bWYU 801 2$bOCLCO 801 2$bTKN 801 2$bVT2 801 2$bOCLCO 801 2$bSFB 801 2$bOCLCA 801 2$bDLC 801 2$bOCLCQ 801 2$bUKBTH 801 2$bCNMTR 801 2$bBWN 801 2$bOCLCQ 906 $aJOURNAL 912 $a9910134076103321 996 $aNature reviews$91754904 997 $aUNINA LEADER 00754nam 2200253la 450 001 9910481467103321 005 20230503102820.0 035 $a(UK-CbPIL)2090307194 035 $a(CKB)5500000000105845 035 $a(EXLCZ)995500000000105845 100 $a20230503d1497 uy | 101 0 $alat 135 $aurcn||||a|bb| 200 10$aCompendium logicae 210 $aFlorence $cBartolommeo di Libri, fl. 1482-1511$d1497 215 $aOnline resource (v.) 300 $aReproduction of original in Biblioteca Nazionale Centrale di Firenze. 700 $aSavonarola$b Girolamo$f1452-1498.$0156772 801 0$bUk-CbPIL 801 1$bUk-CbPIL 906 $aBOOK 912 $a9910481467103321 996 $aCompendium logicae$91953104 997 $aUNINA